Âm vị học và tuyến tính Suy nghĩ về các định đề của âm vị học đương đại

Shranjeno v:
Bibliografske podrobnosti
Glavni avtor: CAO XUÂN HẠO
Format: Knjiga
Jezik:Undetermined
Izdano: Hà Nội ĐHQG 2001
Teme:
Oznake: Označite
Brez oznak, prvi označite!
Thư viện lưu trữ: Trung tâm Học liệu Trường Đại học Cần Thơ
LEADER 00568nam a2200181Ia 4500
001 CTU_47979
008 210402s9999 xx 000 0 und d
082 |a 495.922155 
082 |b H108 
100 |a CAO XUÂN HẠO 
245 0 |a Âm vị học và tuyến tính 
245 0 |b Suy nghĩ về các định đề của âm vị học đương đại 
245 0 |c CAO XUÂN HẠO 
260 |a Hà Nội 
260 |b ĐHQG 
260 |c 2001 
650 |a vietnamese language - phonology 
980 |a Trung tâm Học liệu Trường Đại học Cần Thơ